000 00441cam a22001217a 4500
008 180718b1965 xxu||||| |||| 00| 0 eng d
082 _aT123x54 N213p
245 _aPrice policy and economic growth
_cby National Council of Applied Economic Research, India
260 _aDelhi
_bNational Council of Applied Economic Research
_c1965
300 _a55p.
650 _aPrices - India
700 _aIndia. National Council of Applied Economic Research
999 _c375376
_d375376